000 00409nam a2200169Ia 4500
005 20250519024949.0
008 240331s9999 xx 000 0 und d
020 _a9559529064
082 _a301
_bMOR
100 _aMoris, D
245 0 _aNiruwath wanaraya
250 _a4th
260 _aNugegoda
_bNawa Withya Publishers
_c1994
300 _a266 p .,
500 _aTranslation of The Naked Ape
942 _cL
999 _c1024
_d1024